00783nam a2200217 a 450000500170000000800410001704000250005804100080008304400070009111000530009824500440015126000850019530000480028050500430032865000300037165000170040165000290041871000400044771000130048771000650050020191217041553.0140221b1990 ck ado gr||||o00| 0 spa d aCO-BoIAVHcCO-BoIAVH0 aspa ack2 bDepartamento Nacional de PlaneaciónaColombia.10aPlan de acción forestal para Colombia aBogotá :bDNP :bMinisterio de Agricultura :bInderena :bCONIF y ACIF,c1990. a257 paginas :bilustraciones ;c33 x 23 cm.0 aVolumen 1: 1987. Volumen 2: 1989-1992. 4aPlan de acción forestal 4aSilvicultura 4aAprovechamiento forestal2 aColombia. Ministerio de Agricultura2 aInderena2 aCorporación Nacional de Investigación y Fomento Forestal